Power PC / (Record no. 615148)
[ view plain ]
| 000 -LEADER | |
|---|---|
| fixed length control field | 00211nam a22001097a 4500 |
| 003 - CONTROL NUMBER IDENTIFIER | |
| control field | NUST |
| 005 - DATE AND TIME OF LATEST TRANSACTION | |
| control field | 20251009174652.0 |
| 082 ## - DEWEY DECIMAL CLASSIFICATION NUMBER | |
| Classification number | 621.3,POW |
| 245 ## - TITLE STATEMENT | |
| Title | Power PC / |
| 260 ## - PUBLICATION, DISTRIBUTION, ETC. | |
| Place of publication, distribution, etc. | Motorola |
| Date of publication, distribution, etc. | 1995 |
| 942 ## - ADDED ENTRY ELEMENTS (KOHA) | |
| Source of classification or shelving scheme | |
| Koha item type | Book |
| Withdrawn status | Lost status | Source of classification or shelving scheme | Damaged status | Not for loan | Permanent Location | Current Location | Shelving location | Date acquired | Total Checkouts | Full call number | Barcode | Date last seen | Price effective from | Koha item type | Public note |
|---|---|---|---|---|---|---|---|---|---|---|---|---|---|---|---|
| Military College of Signals (MCS) | Military College of Signals (MCS) | General Stacks | 10/09/2025 | 621.3,POW | MCS34977 | 10/09/2025 | 10/09/2025 | Book | Almirah No.76, Shelf No.3 |
